000 01129nam a22003257a 4500
003 CHAP
005 20220329143650.0
008 101202s2009 mx r 00010 spa d
010 _a100036
011 _a101008
035 _a111694
040 _cCHAP
090 _aTesis
100 1 _aMeléndez Pérez, Mauricio.
_974419
245 1 0 _aRendimiento de dos líneas mutantes de soya para consumo humano
_c/por Mauricio Meléndez Pérez
260 _aCocula, Gro. :
_bEl autor,
_c2009
300 _av, 56 h. :
_bilus. , cuadros, gráfs. , mapa
502 _aTesis (Ing.Agr. Fitotecnista) -- CSAEGRO. Centro de Estudios Profesionales
590 _aALEPH
_b10
_c20130110
_lUCH01
_h1538
590 _aBATCH-UPD
_b10
_c20130110
_lUCH01
_h0933
590 _aBATCH-UPD
_b10
_c20130410
_lUCH01
_h0551
590 _aBATCH-UPD
_b10
_c20130914
_lUCH01
_h1809
590 _aCONVERSION
_b10
_c20130109
_lUCH01
_h1355
650 1 4 _aMutación en plantas.
_979907
650 1 4 _aSoya
_xRendimiento.
_9109084
901 _aBK
911 _aen proceso
942 _cTESIS
949 _atesis
_bBC
_cTES
_d33724002225900
_eTS1
_gDonaciØn
_h51575
_i111694
_sb
999 _c100036
_d100036